Introducción a la teoría analítica de los números.
Сохранить в:
| Главный автор: | |
|---|---|
| Формат: | |
| Опубликовано: |
Barcelona, España:
Reverté, S. A.,
1980.
|
| Предметы: | |
| Метки: |
Добавить метку
Нет меток, Требуется 1-ая метка записи!
|
MARC
| LEADER | 00000nam a22000007a 4500 | ||
|---|---|---|---|
| 001 | UCE9613 | ||
| 003 | CL-VaPUC | ||
| 005 | 20230712094025.0 | ||
| 008 | 230510t1980 ||||| |||| 00| 0 eng d | ||
| 999 | |c 440809 |d 440807 | ||
| 020 | |a 9788429150063 | ||
| 040 | |c Pontificia Universidad Católica de Valparaíso | ||
| 082 | 0 | 4 | |a 512.7 APO 1980 |2 21 |
| 100 | 0 | |a Apostol, Tom M |e autor |9 582502 | |
| 245 | 1 | 0 | |a Introducción a la teoría analítica de los números. |
| 260 | |a Barcelona, España: |b Reverté, S. A., |c 1980. | ||
| 300 | |a 422 páginas. | ||
| 583 | |a last modification |c 20151029 22:28:00 |k Cristina María Rojas Aguilar | ||
| 650 | 0 | |a Teoría de números |9 265327 | |
| 650 | 0 | |a Funciones |9 263869 | |
| 942 | |c BK |2 ddc | ||
| 952 | |0 0 |1 0 |2 ddc |4 0 |6 512_700000000000000_APO_1980 |7 0 |8 A |9 589964 |a BIBMAT |b BIBMAT |c GEN |d 2023-05-10 |e 1 |g 49899.50 |i 5656868 |l 1 |o 512.7 APO 1980 |p 5656868 |r 2025-01-07 |s 2023-10-02 |t 2 |v 49899.50 |w 2023-05-10 |y BK |k MAT | ||
| 952 | |0 0 |1 0 |2 ddc |4 0 |6 512_700000000000000_APO_1980 |7 0 |8 A |9 589965 |a BIBMAT |b BIBMAT |c GEN |d 2023-05-10 |e 1 |g 49899.50 |i 5656867 |l 1 |m 1 |o 512.7 APO 1980 |p 5656867 |r 2025-01-07 |s 2023-10-13 |t 1 |v 49899.50 |w 2023-05-10 |y BK |k MAT | ||